Catálogo

El puente de Alexander / (Registro nro. 69183)

Detalles MARC
000 -LEADER
fixed length control field 01190aam a2200337 i 4500
001 - CONTROL NUMBER
control field 69183
003 - CONTROL NUMBER IDENTIFIER
control field Mx-PuUPA
005 - DATE AND TIME OF LATEST TRANSACTION
control field 20240410104312.0
008 - FIXED-LENGTH DATA ELEMENTS--GENERAL INFORMATION
fixed length control field 201117s2019 sp ||||gr|||| 001 f spa d
020 ## - INTERNATIONAL STANDARD BOOK NUMBER
International Standard Book Number 9788490655252
040 ## - CATALOGING SOURCE
Original cataloging agency Mx-PuUPA
Language of cataloging spa
Transcribing agency Mx-PuUPA
Modifying agency Mx-PuUPA
Description conventions rda
041 1# - LANGUAGE CODE
Language code of text/sound track or separate title spa
Language code of original eng
100 1# - MAIN ENTRY--PERSONAL NAME
9 (RLIN) 10957
Personal name Cather, Willa,
Dates associated with a name 1873-1947
Relator term autor
240 10 - UNIFORM TITLE
Uniform title Alexander's bridge.
Language of a work Español
245 10 - TITLE STATEMENT
Title El puente de Alexander /
Statement of responsibility, etc. Willa Cather ; traducción, Miguel Temprano García
250 ## - EDITION STATEMENT
Edition statement Primera edición
264 #4 - PRODUCTION, PUBLICATION, DISTRIBUTION, MANUFACTURE, AND COPYRIGHT NOTICE
Place of production, publication, distribution, manufacture Barcelona :
Name of producer, publisher, distributor, manufacturer Alba Editorial,
Date of production, publication, distribution, manufacture, or copyright notice 2019
300 ## - PHYSICAL DESCRIPTION
Extent 118 páginas ;
Dimensions 22 cm
336 ## - CONTENT TYPE
Fuente rdacontent
Content type term texto
Content type code txt
337 ## - MEDIA TYPE
Source rdamedia
Media type term sin medio
Media type code n
338 ## - CARRIER TYPE
Source rdacarrier
Carrier type term volumen
Carrier type code nc
490 1# - SERIES STATEMENT
Series statement Alba Clásica ;
Volume/sequential designation CXLVII
650 #4 - SUBJECT ADDED ENTRY--TOPICAL TERM
Topical term or geographic name entry element Novela norteamericana
Chronological subdivision Siglo XX
700 1# - ADDED ENTRY--PERSONAL NAME
Personal name Temprano García, Miguel,
Relator term traductor
765 18 - ORIGINAL LANGUAGE ENTRY
Main entry heading Cather, Willa, 1873-1947,
Title Alexander's bridge.
800 1# - SERIES ADDED ENTRY--PERSONAL NAME
Personal name Magrinyà, Luis,
Relator term director
Title of a work Alba Clásica ;
Volume/sequential designation CXLVII
942 ## - ADDED ENTRY ELEMENTS (KOHA)
Source of classification or shelving scheme Dewey Decimal Classification
Koha item type Libro
Classification part 813.541
Item part C357
Existencias
Withdrawn status Lost status Source of classification or shelving scheme Damaged status Not for loan Collection code Home library Current library Shelving location Date acquired Source of acquisition Cost, normal purchase price Total Checkouts Total Renewals Full call number Barcode Date last seen Date last checked out Cost, replacement price Price effective from Koha item type
    Dewey Decimal Classification     General Biblioteca Karol Wojtyla Biblioteca Karol Wojtyla Sala general 10/08/2021 1 400.00 6 1 813.541 C357 2019 101772 05/01/2026 17/01/2024 400.00 10/08/2021 Libro